Diet and nutrition / (Record no. 70235)

MARC details
000 -LEADER
fixed length control field 00975nam a22002537a 4500
005 - DATE AND TIME OF LATEST TRANSACTION
control field 20120924121525.0
008 - FIXED-LENGTH DATA ELEMENTS--GENERAL INFORMATION
fixed length control field 120924t xxu||||| |||| 00| 0 eng d
010 ## - LCCN (DPL NO)
LC control number ENG-105947
020 ## - INTERNATIONAL STANDARD BOOK NUMBER
International Standard Book Number 9788184554267
Terms of availability 795.00
035 ## - SYSTEM CONTROL NUMBER
System control number EN-89480
037 ## - SOURCE OF ACQUISITION
Source of stock number/acquisition DBAD/PUB
040 ## - CATALOGING SOURCE
Original cataloging agency DPL
Language of cataloging English
082 ## - DEWEY DECIMAL CLASSIFICATION NUMBER
Classification number 613.2
100 ## - MAIN ENTRY--PERSONAL NAME
9 (RLIN) 52554
245 00 - TITLE STATEMENT
Title Diet and nutrition /
Statement of responsibility, etc edited by Huma Zaidi
260 ## - PUBLICATION, DISTRIBUTION, ETC. (IMPRINT)
Place of publication, distribution, etc New Delhi
Name of publisher, distributor, etc Omega Publications
Date of publication, distribution, etc 2012
270 ## - ADDRESS
Address 4378/4B, G-4, JMD House, Murari lal Street, Ansari Road, Daryaganj
City New Delhi
Postal code 110002
Electronic mail address omega_publications@yahoo.com
300 ## - PHYSICAL DESCRIPTION
Extent 256p.
Dimensions 22cm(Hb)
500 ## - GENERAL NOTE
General note Includes bibliographical references and index
700 ## - ADDED ENTRY--PERSONAL NAME
Personal name Zaidi, Huma
9 (RLIN) 52565
942 ## - ADDED ENTRY ELEMENTS (KOHA)
Source of classification or shelving scheme Dewey Decimal Classification
Item type English Books
Call number suffix DIE
Classification part 613.2
Holdings
Withdrawn status Lost status Source of classification or shelving scheme Damaged status Not for loan Collection code Home library Current library Date acquired Source of acquisition Cost, normal purchase price Total Checkouts Full call number Barcode Date last seen Copy number Cost, replacement price Koha item type
    Dewey Decimal Classification   Not For Loan Non-fiction D.B.Act.Division D.B.Act.Division 24/09/2012 DBAD / PUB 795.00   613.2 DIE EN-89480 24/09/2012 1 795.00 English Books

© Delhi Public Library
Hit Counter
free hit counter